ბათუმის შოთა რუსთაველის სახელმწიფო უნივერსიტეტის ბიბლიოთეკა

ტრაგედიის დაბადება მუსიკის სულიდან / (ბიბ.ჩანაწერი № 58666)

000 -ლიდერი
ფიქსირებული სიგრძის საკონტროლო ველი 01284nam a22002417a 4500
003 - საკონტროლო ნომრის იდენტიფიკატორი
საკონტროლო ველი Ge_BSU
005 - ბოლო ოპერაციის თარიღი და დრო
საკონტროლო ველი 20220623142546.0
008 - ფიქსირებული სიგრძის მონაცემთა ელემენტები - ზოგადი ინფორმაცია
ფიქსირებული სიგრძის საკონტროლო ველი 220623s2020 ge ||||| |||| 00| 0 geo d
020 ## - წიგნის საერთაშორისო სტანდარტული ნომერი
International Standard Book Number 9789941809460
041 ## - ენის კოდი
Language code of text/sound track or separate title geo
080 ## - უნივერსალური ათობითი კლასიფიკაციის ინდექსი
Universal Decimal Classification number 1(430)+ 821.14'01.09-21 +78.01 ნ-75
100 ## - მთავარი ჩანაწერი - პიროვნების სახელი
Personal name ნიცშე, ფრიდრიხ
9 (RLIN) 5541
245 ## - ცნობა სათაურის შესახებ
Title ტრაგედიის დაბადება მუსიკის სულიდან /
Statement of responsibility, etc ფრიდრიხ ნიცშე ; გერმანულიდან თარგმნა ვახტანგ გორგიშელმა.
264 ## - წარმოების, გამოცემის, დისტრიბუციის და სხვა ცნობები
გამოცემის, წარმოების, დისტრიბუციის... ადგილი თბილისი :
გამოცემის, წარმოების, დისტრიბუციის... სახელწოდება აქტი,
გამოცემის, წარმოების, დისტრიბუციის... თარიღი 2020.
300 ## - ფიზიკური აღწერა
Extent 162 გვ. ;
Other physical details 20 სმ.
500 ## - ზოგადი შენიშვნა
General note შენიშვნები: გვ. 159-160.
653 ## - INDEX TERM--UNCONTROLLED
Uncontrolled term გერმანული ფილოსოფია
653 ## - INDEX TERM--UNCONTROLLED
Uncontrolled term ლიტერატურის ისტორია დ კრიტიკა
653 ## - INDEX TERM--UNCONTROLLED
Uncontrolled term ბერძნული ტრაგედია
653 ## - INDEX TERM--UNCONTROLLED
Uncontrolled term მუსიკის თეორია და ფილისოფია
700 ## - ADDED ENTRY--PERSONAL NAME
Personal name გორგიშელი, ვახტანგ
Relator term მთარგმნელი, წინასიტყვაობის ავტორი
9 (RLIN) 13944
942 ## - ADDED ENTRY ELEMENTS (KOHA)
Source of classification or shelving scheme
Koha item type წიგნი
ეგზემპლარები
ჩამოწერის სტატუსი დაკარგული ეგზემპლარის სტატუსი კლასიფიკაციის წყარო ან თაროზე გაწყობის სქემა დაზიანების სტატუსი არ გაიცემა მუდმივი მდებარეობა (დაცვის ადგილი) ამჟამინდელი ადგილსამყოფელი თაროზე განთავსების ადგილი შეძენის თარიღი ღირებულება, შესყიდვის ნორმალური ფასი სრული შენახვის შიფრი შტრიხკოდი ბოლო ოპერაციის თარიღი ეგზემპლარის მიმდევრობითი ნომერი (კეტერი?) ფასის ძალაში შესვლის თარიღი ეგზემპლარის სახეობა საჯარო შენიშვნა
          ბათუმის შოთა რუსთაველის სახელმწიფო უნივერსიტეტის მთავარი ბიბლიოთეკა ბათუმის შოთა რუსთაველის სახელმწიფო უნივერსიტეტის მთავარი ბიბლიოთეკა წიგნსაცავი 2022-06-23 22.50 1(430)+ 821.14'01.09-21 +78.01 ნ-75 62855 2022-06-23 62855 2022-06-23 წიგნი 22 ლ. 50 თ.
          ბათუმის შოთა რუსთაველის სახელმწიფო უნივერსიტეტის მთავარი ბიბლიოთეკა ბათუმის შოთა რუსთაველის სახელმწიფო უნივერსიტეტის მთავარი ბიბლიოთეკა წიგნსაცავი 2022-06-23 22.50 1(430)+ 821.14'01.09-21 +78.01 ნ-75 62856 2022-06-23 62856 2022-06-23 წიგნი 22 ლ. 50 თ.
          ბათუმის შოთა რუსთაველის სახელმწიფო უნივერსიტეტის მთავარი ბიბლიოთეკა ბათუმის შოთა რუსთაველის სახელმწიფო უნივერსიტეტის მთავარი ბიბლიოთეკა წიგნსაცავი 2022-06-23 22.50 1(430)+ 821.14'01.09-21 +78.01 ნ-75 62857 2022-06-23 62857 2022-06-23 წიგნი 22 ლ. 50 თ.
          ბათუმის შოთა რუსთაველის სახელმწიფო უნივერსიტეტის მთავარი ბიბლიოთეკა ბათუმის შოთა რუსთაველის სახელმწიფო უნივერსიტეტის მთავარი ბიბლიოთეკა წიგნსაცავი 2022-06-23 22.50 1(430)+ 821.14'01.09-21 +78.01 ნ-75 62858 2022-06-23 62858 2022-06-23 წიგნი 22 ლ. 50 თ.
          ბათუმის შოთა რუსთაველის სახელმწიფო უნივერსიტეტის მთავარი ბიბლიოთეკა ბათუმის შოთა რუსთაველის სახელმწიფო უნივერსიტეტის მთავარი ბიბლიოთეკა წიგნსაცავი 2022-06-23 22.50 1(430)+ 821.14'01.09-21 +78.01 ნ-75 62859 2022-06-23 62859 2022-06-23 წიგნი 22 ლ. 50 თ.